000 00622nam a2200265Ia 4500
005 20260121172229.0
008 008 260114s9999 xx 000 0 eng d
020 _a9783658308841
037 _aEBOOK
040 _aCRL
040 _beng
040 _cCRL
041 _2eng
041 _aeng
084 _qCRL
100 _aChristian A. Conrad
_91085879
245 0 _aPolitical Economy
260 _bSpringer
260 _bSpringer
260 _c2020
856 _uhttps://link.springer.com/openurl?genre=book&isbn=978-3-658-30884-1
942 _cEBOOK
999 _c1651616
_d1651616